000 00650nam a2200193Ia 4500
003 GCL
005 20240530103727.0
008 140319s9999 xx 000 0 ara d
040 _aGCL /
_cGCL
082 0 4 _a938.101
_2ل ى
100 1 _aلطفى عبدالوهاب يحيى
245 1 0 _aاليونان:
_b مقدمة فى التاريخ الحضارى /
_cلطفى عبدالوهاب يحيى
260 _aالاسكندرية :
_bدار المعرفة الجامعية ،
_c1996
300 _a280 ص؛
_c24 سم
490 _aكتاب
_v0
650 0 4 _aاليونان
650 0 4 _aاليونان القديمة - تاريخ
942 _2ddc
_cBK
999 _c41994
_d41994